| 000 -LEADER |
| fixed length control field |
00590nam a22000977a 4500 |
| 008 - FIXED-LENGTH DATA ELEMENTS--GENERAL INFORMATION |
| fixed length control field |
161031b xxu||||| |||| 00| 0 eng d |
| 100 ## - MAIN ENTRY--AUTHOR'S NAME |
| Author's Name |
Leralle, Andre |
| 245 ## - TITLE STATEMENT |
| Title |
Les marques postales francaises de Hambourg pendant l'Occupation Napoleonienne 1806-1814 |
| 260 ## - PUBLICATION, DISTRIBUTION, ETC. (IMPRINT) |
| Place of publication, distribution, etc. |
Amiens, France |
| Name of publisher, distributor, etc. |
Yvert & Cie |
| Date of publication, distribution, etc. |
1946 |
| 650 ## - TOPICAL TERM (Tag) |
| Topical term or geographic name |
France -- History -- Consulate and Empire, 1799-1815 | France | Germany | Hamburg | German States | Postal Markings | 1806-1814 | 19th Century | Postal History | Fee Paid Mail | Pre-adhesive Covers | Military Conflicts | Military Mail | Napoleon I, Emperor of the French, 1769-1815 |